| 000 | 00582nam a22001817a 4500 | ||
|---|---|---|---|
| 003 | BD-DhUL | ||
| 005 | 20190828093652.0 | ||
| 008 | 190828s1955 pk ||||| |||| 00| 0 urd d | ||
| 040 |
_aBD-DhUL _cBD-DhUL |
||
| 082 |
_a954 _bRAB |
||
| 100 | 3 | _aرِئیس احمد جعفری | |
| 245 | 1 | 0 |
_aبہادر شاہ ظفر اور ان کا عہد / _cرِئیس احمد جعفری |
| 246 | _aBahādur Shah Zafar awr un ka ،ahad | ||
| 260 |
_aلاہور : _bکتاب منزل، _c۱۹۵۵۔ |
||
| 300 |
_aص۔ ۱۳۶۰ ؛ _c۲۲ سم۔ |
||
| 650 | 4 | _aIndia - History | |
| 942 |
_2ddc _cBK |
||
| 999 |
_c249454 _d249454 |
||